01074nam a2200145 a 4500008004100000041000800041100002300049245004400072250001100116260003800127300002200165500008300187505064700270655001100917161215t2004 ag |||g |||| 001 f spa d aspa1 aGuiraldes, Ricardo aDon Segundo Sombra /cRicardo Guiraldes a1a ed. aBuenos Aires:bLongseller;c2004. a320 p.c18x11 cm. aGuiraldes, R. (2004). Don Segundo Sombra. (1a ed.). Buenos Aires : Longseller. aDon Segundo Sombra, el gaucho y su mundo, se asocian fácilmente con la idea del campo como espacio de concreción de una vida natural y sana, diferente de la que se desarrolla en la selva urbana. Don Segundo Sombra puede leerse en clave biográfica y también como novela de aprendizaje. Un muchacho de la ciudad, huérfano, se desvincula de su pueblo para seguir a Don Segundo; aprender a arrear y a domar caballos; participa del fogón, la riña de gallos, los bailes y hasta de un duelo. Las andanzas y la amistad entre un hombre maduro y un joven se plasman en esta novela considerada la obra maestra de la tradición gauchesca.  aNovela